| 000 | 00753nam a2200217 i 4500 | ||
|---|---|---|---|
| 001 | 16027 | ||
| 003 | ES-MaACL | ||
| 005 | 20240521124628.0 | ||
| 007 | t| | ||
| 008 | 000601s1999 sp b |||| | spa d | ||
| 020 | _a84-7846-856-0 | ||
| 080 | _a811.134.2'282.3(460.18)(084.3) | ||
| 100 | 1 |
_aAlvar, Manuel, _d1923-2001 _920583 |
|
| 245 | 1 | 0 |
_aAtlas lingüístico de Castilla y León / _cManuel Alvar. |
| 260 |
_a[Valladolid] : _bConsejería de Educación y Cultura, _c1999. |
||
| 300 |
_a3 v. : _bprincipalmente mapas ; _c40 cm. |
||
| 650 | 1 | 4 |
_aLengua española- _zCastilla y León- _vMapas. _9163202 |
| 710 | 1 |
_aCastilla y León. _bConsejería de Educación y Cultura. _92500 |
|
| 852 |
_aES-MaACL _jG-4879-81 |
||
| 999 |
_c16027 _d16027 |
||